| 000 | 00781nam a2200265Ia 4500 | ||
|---|---|---|---|
| 008 | 160803s9999 xx 000 0 und d | ||
| 020 | _a0 590460595 | ||
| 100 | _aWarner, Gertrude Chandler | ||
| 245 | 4 | _aThe pizza mystery / | |
| 245 | _ccreated by Gertrude Chandler Warner ; illustrated by Charles Tang. | ||
| 260 | _aNew York : | ||
| 260 | _bScholastic Inc. | ||
| 260 | _c1993 | ||
| 300 | _a121 pages : | ||
| 300 | _billustrations ; | ||
| 300 | _c20 cm. | ||
| 440 | _aBoxcar children mysteries. | ||
| 650 | _aBoxcar children (Fictitious characters) | ||
| 650 | _aBoxcar children (Fictitious characters) -- | ||
| 650 | _aMystery and detective stories. | ||
| 650 | _aRestaurants -- | ||
| 650 | _xFiction. | ||
| 650 | _xJuvenile fiction. | ||
| 700 | _a640 | ||
| 999 |
_c298537 _d298537 |
||